| 000 | 00596nam a22002297a 4500 | ||
|---|---|---|---|
| 999 |
_c14509 _d14509 |
||
| 003 | MIRAKIL | ||
| 005 | 20210902173355.0 | ||
| 008 | 210902b tu ||||| |||| 00| 0 tur d | ||
| 020 | _a9754680191 | ||
| 040 |
_aTR-AnCHP _cTR-AnCHP |
||
| 041 | _aTur | ||
| 082 |
_a573 _bİ45i 1991 |
||
| 100 | _aİlin, M. | ||
| 245 | 1 | 0 |
_aİnsan nasıl insan oldu/ _cM. İlin, E. Segal. |
| 250 | _a7 bs. | ||
| 260 |
_aİstanbul : _bSay Yayınları, _c1991. |
||
| 300 |
_a551 s.: _c19 sm. |
||
| 504 | _aKaynakça vardır. | ||
| 650 | 0 |
_96747 _aİnsan Evrimi |
|
| 700 |
_96746 _aSegal, E. |
||
| 942 |
_2ddc _cBKS |
||